Ripley's believe it or not! : (Record no. 34396)
[ view plain ]
| 000 -LEADER | |
|---|---|
| fixed length control field | 01372cam a2200373 a 4500 |
| 001 - CONTROL NUMBER | |
| control field | 12354860 |
| 003 - CONTROL NUMBER IDENTIFIER | |
| control field | OSt |
| 005 - DATE AND TIME OF LATEST TRANSACTION | |
| control field | 20140310184436.0 |
| 008 - FIXED-LENGTH DATA ELEMENTS--GENERAL INFORMATION | |
| fixed length control field | 010322s2001 nyua c 001 0 eng |
| 010 ## - LIBRARY OF CONGRESS CONTROL NUMBER | |
| LC control number | 2001020936 |
| 020 ## - INTERNATIONAL STANDARD BOOK NUMBER | |
| International Standard Book Number | 043926040X |
| 020 ## - INTERNATIONAL STANDARD BOOK NUMBER | |
| International Standard Book Number | 0439314577 |
| 040 ## - CATALOGING SOURCE | |
| Original cataloging agency | DLC |
| Transcribing agency | DLC |
| Modifying agency | DLC |
| 042 ## - AUTHENTICATION CODE | |
| Authentication code | lcac |
| 050 00 - LIBRARY OF CONGRESS CALL NUMBER | |
| Classification number | AG 243 |
| Item number | .P24 2001 |
| 100 1# - MAIN ENTRY--PERSONAL NAME | |
| Personal name | Packard, Mary. |
| 9 (RLIN) | 6565 |
| 245 10 - TITLE STATEMENT | |
| Title | Ripley's believe it or not! : |
| Statement of responsibility, etc | Mary Packard and the editors of Ripley Entertainment ; illustrations by Leanne Franson. |
| Remainder of title | creepy stuff / |
| 246 30 - VARYING FORM OF TITLE | |
| Title proper/short title | Believe it or not! |
| 250 ## - EDITION STATEMENT | |
| Edition statement | Special ed. |
| 260 ## - PUBLICATION, DISTRIBUTION, ETC. (IMPRINT) | |
| Place of publication, distribution, etc | New York : |
| Name of publisher, distributor, etc | Scholastic, |
| Date of publication, distribution, etc | 2001. |
| 300 ## - PHYSICAL DESCRIPTION | |
| Extent | 143 p. : |
| Other physical details | ill. (some col.) ; |
| Dimensions | 26 cm. |
| 500 ## - GENERAL NOTE | |
| General note | Includes index. |
| 521 ## - TARGET AUDIENCE NOTE | |
| Target audience note | |
| 526 ## - STUDY PROGRAM INFORMATION NOTE | |
| Reading level | 1100 |
| 650 #0 - SUBJECT ADDED ENTRY--TOPICAL TERM | |
| Topical term or geographic name as entry element | Curiosities and wonders |
| Form subdivision | Juvenile literature. |
| 9 (RLIN) | 27222 |
| 650 #1 - SUBJECT ADDED ENTRY--TOPICAL TERM | |
| Topical term or geographic name as entry element | Curiosities and wonders. |
| 9 (RLIN) | 21910 |
| 700 1# - ADDED ENTRY--PERSONAL NAME | |
| Personal name | Franson, Leanne, |
| Relator term | ill. |
| 9 (RLIN) | 27223 |
| 710 2# - ADDED ENTRY--CORPORATE NAME | |
| Corporate name or jurisdiction name as entry element | Ripley Entertainment, Inc. |
| 9 (RLIN) | 27224 |
| 906 ## - LOCAL DATA ELEMENT F, LDF (RLIN) | |
| a | 7 |
| b | cbc |
| c | orignew |
| d | 1 |
| e | ocip |
| f | 20 |
| g | y-gencatlg |
| 942 ## - ADDED ENTRY ELEMENTS (KOHA) | |
| Source of classification or shelving scheme | Library of Congress Classification |
| Koha item type | |
| Withdrawn status | Lost status | Source of classification or shelving scheme | Damaged status | Home library | Current library | Shelving location | Date acquired | Total Checkouts | Full call number | Barcode | Date last seen | Copy number | Price effective from | Koha item type |
|---|---|---|---|---|---|---|---|---|---|---|---|---|---|---|
| Library of Congress Classification | Luxembourg Library | Luxembourg Library | Scholastic Reading Center Section | 10/10/2013 | AG 243 .P24 2001 | LEX2029 | 04/18/2017 | 1 | 10/10/2013 | Books | ||||
| Library of Congress Classification | Luxembourg Library | Luxembourg Library | Scholastic Reading Center Section | 10/10/2013 | AG 243 .P24 2001 | LEX1882 | 04/18/2017 | 2 | 10/10/2013 | Books |